000 00653cam a22002173a 4500
001 40302
003 PGUSA
005 20140828083912.0
008 120723s2012||||xxu|||||s|||||000 | eng d
040 _aPGUSA
_beng
042 _adc
245 1 0 _aSporting Society, Vol. II (of 2) ;
_bor, Sporting Chat and Sporting Memories
_h[electronic resource] /
_cVarious
260 _bProject Gutenberg,
_c2012
506 _aPublic domain in the USA.
516 _aElectronic text
700 1 _aRussell, Fox
700 1 _aCaldecott, Randolph,
_d1846-1886
830 0 _aProject Gutenberg
_v40302
856 4 0 _uhttp://www.gutenberg.org/ebooks/40302
942 _cEB
999 _c269555
_d269555